[Event "EU-Cup 22nd"]
[Site "Fuegen"]
[Date "2006.10.12"]
[Round "5.3"]
[White "Bologan, Viktor"]
[Black "Vaganian, Rafael A"]
[Result "1-0"]
[WhiteElo "2659"]
[BlackElo "2587"]
[Annotator "Reeh,O"]
[PlyCount "37"]
[EventDate "2006.10.08"]
[EventType "team-swiss"]
[EventRounds "7"]
[EventCountry "AUT"]
[SourceTitle "CBM 115"]
[Source "ChessBase"]
[SourceDate "2006.11.15"]
[SourceVersion "1"]
[SourceVersionDate "2006.11.15"]
[SourceQuality "1"]
[WhiteTeam "Tomsk 400"]
[BlackTeam "Yerevan"]
[WhiteTeamCountry "RUS"]
[BlackTeamCountry "ARM"]

1. e4 e6 2. d4 d5 3. Nc3 Bb4 4. e5 c5 5. a3 Bxc3+ 6. bxc3 Ne7 7. Qg4 O-O 8. Bd3
Nbc6 9. Bg5 Qa5 10. Ne2 Re8 $146 (10... c4 {is bad on account of ist schlecht
wegen} 11. Bxh7+ Kxh7 12. Qh4+ Kg8 13. Bxe7) 11. h4 $5 {Starting an
uncompromising attack - Black's counterplay in the centre is simply ignored!
Leitet einen kompromisslosen Angriff ein - das schwarze Gegenspiel im Zentrum
wird schlicht ignoriert!} Nxd4 ({Now Nun könnte} 11... c4 {could be met by mit}
12. Bf6 Ng6 13. Bxg6 {beantwortet werden.}) 12. Rh3 Nxe2 (12... Nef5 {was
worth considering. kam in Betracht.}) 13. Kxe2 Ng6 ({And again Und wieder ist} 
13... c4 {is no good: nicht gut:} 14. Bxh7+ Kxh7 15. Bxe7 Rxe7 16. Rg3 g6 17.
h5 {and wins. und gewinnt.}) 14. h5 Nxe5 15. Qg3 Nxd3 $2 {This loses. Das
verliert.} ({Necessary was the counter sacrifice Nötig war das Gegenopfer} 
15... Ng4 $1 {, when after , wonach} 16. Qxg4 f5 17. Qg3 Qxc3 {leads to an
unclear position. zu einer unklaren Stellung führt.}) {[%tqu "En","How would
you continue White's attack?","Black mustn't be given any respite - White has
to create threats immediately.","Threaten a mate in one!","g5f6","Very good!
You have seen that now 16...g6 fails to 17.hxg6 fxg6 18. Rxh7 and mate.  But
Black has yet another defence...",15,"De","Wie würden Sie den weißen Angriff
fortsetzen?","Schwarz darf keine Atempause bekommen - Weiß muss sofort
Drohungen aufstellen.","Drohen Sie Matt in einem!","g5f6","Sehr gut! Sie haben
gesehen, dass jetzt 16...g6 an 17.hxg6 fxg6 18. Txh7 nebst Matt scheitert.  
Aber Schwarz hat ja noch eine andere Verteidigung...",15]} 16. Bf6 $1 Nf4+ (
16... g6 17. hxg6 fxg6 {[%tqu "En","","","","h3h7","and checkmate.",10]} 18.
Rxh7 $1 {and checkmate. nebst Matt.}) {[%tqu "En","What now?","Again the same
- give Black no respite.","Don't give up the mate threat on g7.","e2d2",
"Superb! Though this allows Black to retreat the knight to g6 blocking the
g-file, White's attack is unstoppable.",15,"g3f4","Oh no! this would spoil
everything on account of 17...e5 followed by 18...Qa6+! and 19...Qxf6.",0,"De",
"Was nun?","Weiterhin gilt - Schwarz darf keine Atempause bekommen.","Heben
Sie nicht die Mattdrohung auf g7 auf.","e2d2","Superb! Dies erlaubt zwar
Schwarz, diurch den Springerrückzug nach g6 die g-Linie zu blockieren, aber
dennoch ist danach der weiße Angriff nicht mehr aufzuhalten.",15,"g3f4","Oh
nein! Dies würde alles verderben wegen 17...e5 nebst 18...Da6+! und 19...Dxf6.
",0]} 17. Kd2 $1 {Cool! Cool!} ({Of course not Natürlich nicht} 17. Qxf4 $2 e5
{followed by 18...Qa6+! and 19...Qxf6. nebst 18...Qa6+! und 19...Qxf6.}) 17...
Ng6 (17... g6 18. Qxf4) 18. hxg6 fxg6 (18... hxg6 19. Rah1 {and mate. nebst
Matt.}) {[%tqu "En","Crown White's superb attack in this game!","Crush Black's
pawn shelter on the kingside.","","h3h7","Great! After this, the other white
rook will bring the decision.",10,"De","Krönen Sie den superben Angriff von
Weiß in dieser Partie!","Reißen Sie den Bauernschild des schwarzen Königs auf.
","","h3h7","Großartig! Danach wird der zweite weiße Turm die Entscheidung
bringen!",10]} 19. Rxh7 $1 {The final point - Black's king shelter is ripped
open, and the other rook enters the attack via the h-file with devastating
effect. Die Schlusspointe - der schwarze Königsschild wird aufgerissen, und
der zweite Turm greift mit entscheidender Wirkung über die h-Linie in den
Angriff ein.} (19. Rxh7 {and Black resigns, since after und Schwarz streckte
die Waffen, denn nach} Kxh7 20. Rh1+ Kg8 21. Qxg6 {he simply gets checkmated.
wird er schlicht und ergreifend mattgesetzt.}) 1-0

[Event "Bundesliga 0607"]
[Site "Germany"]
[Date "2006.12.09"]
[Round "5.4"]
[White "Vallejo Pons, Francisco"]
[Black "Kalinitschew, Sergey"]
[Result "1-0"]
[WhiteElo "2674"]
[BlackElo "2471"]
[Annotator "Reeh,O"]
[PlyCount "65"]
[EventDate "2006.10.28"]
[EventType "team-tourn"]
[EventRounds "15"]
[EventCountry "GER"]
[SourceTitle "CBM 116"]
[Source "ChessBase"]
[SourceDate "2007.02.01"]
[SourceVersion "1"]
[SourceVersionDate "2007.02.01"]
[SourceQuality "1"]
[WhiteTeam "Baden-Baden"]
[BlackTeam "Kreuzberg"]
[WhiteTeamCountry "GER"]
[BlackTeamCountry "GER"]

1. e4 e6 2. d4 d5 3. Nc3 Bb4 4. e5 c5 5. a3 Bxc3+ 6. bxc3 Ne7 7. Qg4 Qc7 {
One of the sharpest lines in the French Winawer. Eines der schärfsten Abspiele
der französischen Winawer-Variante.} 8. Qxg7 Rg8 9. Qxh7 cxd4 10. Ne2 dxc3 11.
f4 Nbc6 12. Qd3 Bd7 13. Rb1 Rc8 14. Qxc3 Nf5 15. Rg1 Qd8 16. Qd3 Qh4+ (16...
Na5 $5 {was also interesting, with the plan a6/Bb5. war ebenfalls interessant,
mit dem Plan a6/Bb5.}) 17. g3 Qxh2 18. Rxb7 Ncd4 $2 {The start of a long
combination - with a nice refutation. Einleitung einer langen Kombi - mit
einer hübschen Widerlegung.} (18... a6 {was indicated in order to free the Nc6
from the protection of this pawn, making this piece mobile. war angesagt, um
den Nc6 von der Deckung dieses Bauern zu entbinden und somit beweglich zu
machen.}) 19. Rg2 $1 (19. Nxd4 $2 Qxg1) 19... Nxc2+ {[%tqu "En","How should
White react to Black's knight check?","Black's queen is attacked, so White
might look for something forceful.","","d3c2","Excellent work - provided you
have seen what happens if Black now takes the white rook!?",15,"De","Wie soll
Weiß auf das schwarze Springerschach reagieren?","Die schwarze Dame ist
angegriffen, daher könnte Weiß nach etwas Energischem Ausschau halten.","",
"d3c2","Ausgezeichnete Arbeit - vorausgesetzt, Sie haben gesehen, was passiert,
wenn Schwarz nun den weißen Turm schlägt!?",15]} 20. Qxc2 $1 Qxg2 {That was
Black's nice idea. Das war die schöne Idee von Schwarz.} {[%tqu "En","Both
queens are attacked - what should White do?","What would be the best way for
White to parry the attack on his queen?","Which piece could interrupt the
attack of Black's rook on the white queen?","b7c7","To the point!  You have
seen that after the rook swap on c7 the black queen will still be attacked,
while there is no defence against White's threat 23.Qb8+/Qxg8.",15,"c2c8",
"After this White will be even worse.",0,"De","Beide Damen sind angegriffen -
was soll Weiß tun?","Was wäre die beste Möglichkeit für Weiß, den Angriff auf
seine Dame zu parieren?","Welche Figur könnte den Angriff des schwarzen Turms
auf die weiße Dame unterbrechen?","b7c7","Auf den Punkt!  Sie haben gesehen,
dass nach dem Turmtausch auf c7 die schwarze Dame noch immer angegriffen sein
wird, während es gegen die weiße Drohung 23.Db8+/Dxg8 keine Verteidigung gibt.
",15,"c2c8","Danach wird Weiß sogar schlechter stehen.",0]} 21. Rc7 $1 {
The refutation. Die Widerlegung.} ({Black had probably hoped for Schwarz hatte
wahrscheinlich gehofft auf} 21. Qxc8+ Bxc8 22. Rb8 Qf3 $1 23. Rxc8+ Kd7 24.
Rxg8 d4 {and despite his material advantage White is worse since his pieces
completely lack coordination. und trotz seines Materialvorteils ist Weiß im
Hintertreffen, da es seinen Figuren gänzlich an Koordination mangelt}) (21. Rb8
Qxf1+ 22. Kxf1 Rxb8 {would also yield White nothing. brächte Weiß ebenfalls
nichts ein.}) 21... Rxc7 22. Qxc7 {The point - Black's attacked queen can't
protect the rook on g8, so White remains a piece up. Die Pointe - die
angegriffene schwarze Dame kann den Turm auf g8 nicht decken, daher verbleibt
Weiß mit einer Mehrfigur.} Qe4 23. Qb8+ Ke7 24. Qxg8 $18 Nd4 25. Qb8 Nc2+ 26.
Kf2 d4 27. f5 Qxf5+ 28. Bf4 Qh5 29. Nxd4 Qh2+ 30. Bg2 Nxd4 31. Bg5+ f6 32.
Bxf6+ Kf7 33. Qxa7 1-0

[Event "Liga Gallega-chT"]
[Site "Orense"]
[Date "1997.??.??"]
[Round "3"]
[White "Rodriguez Cespedes, Amador"]
[Black "Larrosa Vila, Jose"]
[Result "1-0"]
[WhiteElo "2555"]
[BlackElo "2325"]
[Annotator "Rodriguez,Am"]
[PlyCount "105"]
[EventDate "1997.??.??"]
[EventType "team"]
[EventRounds "9"]
[EventCountry "ESP"]
[SourceTitle "EXT 1999"]
[Source "ChessBase"]
[SourceDate "1998.11.16"]
[SourceVersion "1"]
[SourceVersionDate "1998.11.16"]
[SourceQuality "1"]

1. e4 e6 2. d4 d5 3. Nc3 Bb4 4. e5 c5 5. a3 Bxc3+ 6. bxc3 Ne7 7. Qg4 Qc7 8.
Qxg7 Rg8 9. Qxh7 cxd4 10. Ne2 Nbc6 11. f4 Bd7 12. Qd3 dxc3 13. Rb1 O-O-O 14.
Nxc3 Na5 15. Nb5 Bxb5 16. Rxb5 Nf5 $146 (16... Kb8 {61/(292)}) 17. g3 Nc4 (
17... Rh8 $5) (17... Kb8) 18. Bh3 $5 Qd7 $6 (18... Qc6 $5 {/\ d4}) 19. Rb4 Kb8
20. O-O Rc8 21. Rd1 {/\22.Rxc4+-} Rgd8 22. Bxf5 exf5 23. Bb2 $1 $16 Rc5 $2 24.
Bd4 Rc7 (24... Ra5 $2 25. Rxc4 $1 dxc4 26. Bxa7+ Kc8 (26... Kc7 27. Qxc4+ Qc6
28. Qxc6+ bxc6 29. Rxd8) 27. Qxc4+ Qc7 28. Qxc7+ Kxc7 29. Bb6+) 25. Rdb1 Rdc8
26. Rb5 $1 Qe6 27. Rxd5 (27. Bf2 $16) 27... b6 28. Bf2 Nxa3 $8 29. Rd1 $2 (29.
Rd6 $1 Nxb1 $1 (29... Qa2 $2 30. Rdxb6+ $3 axb6 31. Rxb6+ Rb7 32. Qd6+ Rcc7 33.
Qd8+ Rc8 34. Rxb7+ Kxb7 35. Qb6+ Ka8 36. Qa7#) 30. Rxe6 fxe6 31. Qd6 $1 (31.
Qb3 Rxc2 32. Qxe6 Rd8 $1) (31. c4 $5 Rxc4 $8 32. Qd6+ Kb7 33. Qxe6) 31... Re8 (
31... Kb7 32. Qxe6 Rxc2 33. Qxf5 $18) 32. Be1 $3 $18) 29... Nc4 $1 (29... Nxc2
$2 30. Rd6) 30. Qd4 (30. Qb3) 30... Qg6 31. Rd7 Qh5 32. Qd5 Rxd7 (32... Qe2 33.
Rxc7 (33. Qxf7 $4 Qxd1+ $1 $19) 33... Rxc7 34. Qd3 $16) 33. Qxd7 Qf3 34. Qd5 $6
(34. Qd3 $1 Qh5 35. Kg2 {/\Qf3+/-}) 34... Qh5 35. h4 (35. Kg2 Qe2 $1 $132 {/\}
36. Qf3 $2 Ne3+ $1 $19) 35... Qg4 36. Rd3 $5 $138 (36. Ra1 {/\Qxf7}) 36... Qe2
37. Qf3 $1 Qxc2 (37... Qxf3 38. Rxf3 Nd2 (38... a5 39. Rd3 a4 40. Rd7 {/\Bd4})
39. Rd3 Rxc2 40. h5) 38. Rd7 Rc7 (38... Qe4 $2 39. Qxe4 fxe4 40. Rxf7 e3 41.
Be1 Nd2 42. Kg2 $18) (38... Na5 39. Rxf7 $18) 39. Rd8+ Rc8 40. Rxc8+ Kxc8 41.
h5 $1 Nd2 $8 (41... Qe4 42. Qxe4 fxe4 43. h6) 42. Qa8+ Kd7 43. Qxa7+ Ke8 44.
Qb8+ Kd7 45. Qb7+ Ke8 46. Qb8+ Kd7 (46... Ke7 $5) 47. Qb7+ Ke8 48. h6 $1 $18
Qd1+ 49. Kh2 Qh5+ 50. Kg2 Qe2 (50... Qxh6 51. Qb8+ Kd7 52. Qb7+ Ke8 53. Bxb6)
51. h7 $1 Qf1+ 52. Kh2 Qxf2+ 53. Kh3 $1 (53. Kh3 Qf1+ 54. Qg2) 1-0

[Event "SCO-ch"]
[Site "Aberdeen"]
[Date "2001.07.10"]
[Round "4"]
[White "Rowson, Jonathan"]
[Black "Motwani, Paul"]
[Result "1-0"]
[WhiteElo "2514"]
[BlackElo "2511"]
[Annotator "Rowson,J"]
[PlyCount "99"]
[EventDate "2001.07.07"]
[EventType "swiss"]
[EventRounds "9"]
[EventCountry "SCO"]
[SourceTitle "CBM 083 Extra"]
[Source "ChessBase"]
[SourceDate "2001.09.11"]
[SourceVersion "1"]
[SourceVersionDate "2001.09.11"]
[SourceQuality "1"]

1. e4 e6 2. d4 d5 3. Nc3 Bb4 4. e5 c5 5. a3 Bxc3+ 6. bxc3 Qa5 {Quite trendy at
the moment and popularized by Israeli French guru GM Lev Psakhis. Black's main
idea is to occupy the a4 square with the queen and then exchange light squared
bishops with ...b6 and...Ba6.} 7. Bd2 Qa4 8. Qb1 $5 c4 {[%csl Ra3,Ga4,Rc2,Rc3,
Rc8,Ge5] GM Lev Psakhis told me that this move is almost always a mistake in
these structures because White has a natural superiority on the kingside and
now it is hard for Black to get queenside counterplay. That said, it is
virtually forced in this position and Psakhis has played it himself!} 9. Ne2 $5
{[%csl Rg7][%cal Ge2g3,Gg3h5,Gh5g7,Gg3e4] An important move-the knight is on a
good route whether or not Black plays ...f6.} Nc6 $5 {Paul chooses not to open
the position. This was criticized by Nigel Short in his Sunday Telegraph
column, but I'm not so sure.} (9... f6 10. exf6 Nxf6 11. Ng3 Nc6 12. Be2 O-O
13. O-O e5 $6 (13... Bd7 $5) (13... b6 $5) 14. dxe5 Nxe5 15. Re1 Ne4 16. Nxe4
dxe4 17. Be3 {was better for White in my game against Nick Pert at this year's
British championship.}) 10. Ng3 Nge7 11. Nh5 {The knight looks extremely well
placed here but it's not totally clear that this is so because White's main
plan is an eventual f4-f5 and this is liable to run into a ...g6 fork after
exchanges on f5.} Rg8 $1 (11... O-O 12. Qd1 $1 {to be followed by Qg4 and h4
gives a strong attack.}) 12. g3 (12. Be2 $5 {[%csl Ge2,Gh5][%cal Ge2h5] N
Short.}) 12... Bd7 13. Bh3 O-O-O 14. O-O Rdf8 15. Re1 $5 {Preventing f6 for
the time being. Maybe ...f6 is not yet a threat though so 15Qd1 may be more
accurate as played in the game(by transposition) Kruppa-Koutsin, Platonov
memorial 1995.} (15. Qd1 $5 {[%cal Gd1g4]}) 15... Kb8 16. Qb2 Nc8 17. Re3 $1 {
[%cal Ge3c3,Ga1f1] Over-protecting c3, and making way for the other rook to
come to f1.} Nb6 18. Rf1 {I think I have to let a3 go in order to create any
serious threats on the kingside.} Qa5 19. Qc1 Be8 $6 {This looks like a good
move because it forces the "restrictive" knight on h5 to move due to the
positional threat of ...f5 closing the kingside. Indeed, Nigel Short gave it
an exclamation mark in his Sunday Telegraph column. However, when we look at
the position more concretely we are looking at competing positional threats.
Black has the clear idea of ...a6, ...Na7-b5 winning the a3 pawn with tempo by
taking with the queen and (perhaps) bringing the queen back to e7 if necessary.
White's threat of f4-f5 looks even more serious but this is in not in fact a
threat because Black captures on f5 and if white continues to recapture ....g6
will win a piece at the end. This suggests that White need only prepare the
advance with g4, but this removes the pressure on e6 and effectively makes
White's task two tempi slower. Therefore critical is} (19... a6 $1 {[%csl Ra3,
Rc3][%cal Gc6a7,Ga7b5] when White has to do some creative thinking and may be
struggling to equalize. This suggests to me that my 15th move may have been a
mistake.} 20. f4 {There doesn't seem to be anything better.} (20. Rf3 $5 {
intending Rf4-g4 was suggested to me by my former trainer FM Donald Holmes but
this too falls short if Black pays attention. I can look for ways to play Nxg7
followed by Bh6 but these won't work if Black can protect his f8 rook with
Qxa3 at the right moment.} Na7 21. Rf4 (21. Nxg7 Rxg7 22. Bh6 Rgg8 $1 23. Bxf8
Rxf8 24. Qh6 Qxa3 $1) 21... Be8 $1 22. Rg4 f5 $1) (20. Qd1 $5 Qxa3 21. Qg4 (21.
Qa1 {I considered this at the time-the idea is to bring the bishop to a3.} Qxa1
(21... Qe7 22. Bc1 $1) 22. Rxa1 Na7 $1 23. Bc1 Nb5 {effectively prevents this.}
) 21... f5 22. exf6 e5 $1 23. Qh4 g5) (20. a4 $5 {looks too radical but
possession of the a3-f8 diagonal may be worth a pawn. Unfortunately} Nxa4 21.
Qa3 Nxd4 {just wins for Black.}) 20... Na7 21. g4 (21. f5 $2 exf5 22. Bxf5 Bxf5
23. Rxf5 g6 {[%csl Rh5][%cal Gg6f5,Gg6h5]}) 21... Nb5 22. f5 Qxa3 {is at least
not worse for Black.} 23. Qd1 {[%csl Ga6,Gf5,Gh5] The position is highly
unclear, but given the absence of an obvious plan for White, I think I would
prefer to play Black because my I know my plan is simply to push the a-pawn.})
20. Nf4 $1 {This looks like a concession but Black's bishop is better on d7
than e8 and my knight is better on e2 or g2 than h5!} a6 21. Ng2 $1 {[%csl Gg2]
Hard to explain why I put it here rather than e2 - the main reason is that
when it's on e2 Black can consider meeting f4 with g6 and then I will have to
take two moves (g4 and blocking the g file before I can force through f5).} Na7
(21... g5 $5 22. Bg4 h5 $1 23. Bxh5 f5 $44 {[%csl Ra3,Ge8] would change the
character of the position, with unclear consequences.}) 22. f4 Bd7 23. f5 exf5
$2 {A big strategic mistake. Things were still far from clear if Black holds
firm. Now d5 and f7 will be weak and I have the e5-e6 break.} (23... Nb5 24.
Ref3 (24. Nf4 Re8 $5 (24... exf5 25. e6 fxe6 26. Nxe6 {I assumed this would
give White good practical chances at the time, but now I'm not so sure. For
example after:} Bxe6 27. Rxe6 g6 28. Rfe1 Ka7 {Black is in good shape and
already threatens Qxa3.}) 25. fxe6 Bxe6 $1 26. Bxe6 $1 fxe6 27. Nh5 {and White
has good counterplay.}) 24... Re8 $1 25. fxe6 Bxe6 $1 26. Bxe6 fxe6 27. Rf7
Qxa3 {I guess Black is at least equal. However good my kingside play, there's
no convenient way to stop the a-pawn other than bringing my king over; and I'm
unlikley to get a chance to do that.}) 24. Bxf5 Bxf5 25. Rxf5 {[%csl Rd5,Rf7]
[%cal Gg2f4,Ge3f3,Ge5e6]} Nb5 26. Ref3 Qxa3 27. Qxa3 Nxa3 28. e6 $5 {A
difficult decision because I can also take on f7. Neither can be calculated to
a clear assessment and both are promising. In the end I took Paul's lack of
time into consideration and felt that the problems posed by e6 were more
complex and time consuming than if I had taken on f7.} (28. Rxf7 Rxf7 29. Rxf7
Nb5 (29... Kc8 $5 30. e6 Nb5 31. e7 Re8) 30. Nf4 Nc7 31. Bc1 $1 {[%csl Ge5,Gf4,
Gf7][%cal Gc1a3,Ga3d6] intending Ba3-d6 looks terminal, as Paul pointed out
after the game.}) 28... f6 29. Bf4+ Kc8 30. Bd6 Nb5 (30... Nxc2 31. Rf2 Na1 32.
Bxf8 Rxf8 33. Nf4 {is clearly better for White.}) 31. Bc5 $6 {Keeping an
unpleasant amount of tension in the position and obliging Black to find some
difficult defensive moves. It was important to see this possibility in advance
because taking the exchange doesn't look too promising. Black's knights are
excellent defenders and the a-pawn can keep a whole rook occupied. However,
there are two tactical possibilities which I don't think either of us had seen
and this suggests that I should indeed have taken on f8.} (31. Bxf8 Rxf8 32.
Rg5 $1 {[%csl Rf8,Rg7][%cal Gf3f8] I didn't see this during the game.} g6 33.
Re5 $5 Nxc3 34. Rxf6 Re8 35. Nf4 {and White seems to be winning.}) 31... Kc7 (
31... Re8 $1 {We both saw this possibility, but neither of us believed it.
However,} 32. Bxb6 Rxe6 33. Bc5 b6 34. Nf4 {was my intention, but now Black has
} (34. Bb4 a5 35. Rxd5 Nc7 {is also not better for White.}) (34. Rxd5 bxc5 35.
Rxc5+ Kd7 36. Rxc4 Re2 {White is material up, but somehow Black is better
because his position is better organised.}) 34... Re1+ (34... Rc6 35. Nxd5) 35.
Kf2 Rge8 $1 36. Bxb6 g5 $1 {when the hunter becomes the hunted. However, there
is a simpler way:}) 32. Nf4 Re8 33. Re3 {[%csl Rd5,Ge6] I had seen this
position in advance and felt it would be very difficult for Black to hold. All
the more so since Paul was down to his last five minutes.} Nc8 $2 (33... Kc6 {
Looks more tenacious. White will have to exchange his bishop to win d5 and
make progress, but then the connected passed pawns are not too dangerous as
long as Black controls d6.}) 34. Nxd5+ Kd8 {Paul decided to keep the king near
the e-pawn on intuitive grounds but for tactical reasons} (34... Kb8 {looks
more resilient.}) 35. e7+ Kd7 36. Rxf6 $1 {[%csl Gd5,Rd7,Ge7,Re8,Gf6,Rg8][%cal
Gd5f6]} gxf6 37. Nxf6+ Kc6 38. Nxg8 Nbd6 39. Bxd6 Kxd6 40. Kf2 $1 {[%cal Ga6a2,
Gf2e1,Ge1b1,Ga2a1,Gb1a1] Now at least I can stop his a pawn with my king so
there should be no unpleasant surprises.} Nxe7 $2 {A difficult 40th move.
Black now loses by force, but was probably lost in any case.} (40... Nb6 41.
Nh6 $5 Nd5 42. Re5 {and White keeps control.}) (40... h5 $5 {Suggested by Paul
after the game. Now Black threatens to go into the king and pawn endgame.} 41.
Nf6 Rxe7 42. Nxh5 {and White is winning, though not trivially.}) 41. Nxe7 Rxe7
42. Rxe7 Kxe7 43. g4 $1 {[%csl Gd4,Re7,Gg4,Gh2,Gh5][%cal Gh2h4,Gh4h5,Gh5h6,
Gh6h7,Gh7h8] An essential move, without which Black would draw. The point is
that my king is needed on the queenside to stop the a pawn so in order to win
I need to use two pawns to overrun his king. His king can hold pawns two files
apart but not three so in order to win I need a passed h pawn. I can only get
this by forcing his pawn off the g file with my g pawn. If Black had time to
play ...h5 it would be a draw because I could then only make a passed h pawn
by giving him a passed g pawn on g4, which is too near the queening square.}
Kf6 44. h4 h6 45. Ke3 a5 46. Kd2 b5 47. Kc1 Ke6 48. Kb2 Kd5 49. h5 Ke6 50. g5 (
50. g5 hxg5 51. h6 Kf6 52. d5 g4 53. h7 Kg7 54. d6 g3 55. d7 g2 56. h8=Q+ Kxh8
57. d8=Q+) 1-0